| 000 | 00000nam 2200000zi 4500 |
| 001 | 9.941712 |
| 003 | CaOODSP |
| 005 | 20250107124050 |
| 006 | m o d f |
| 007 | cr cn |||||||| |
| 008 | 240809t20242024onca o f000 0 fre d |
| 020 | |a9780660731070 |
| 040 | |aCaOODSP|bfre|erda|cCaOODSP |
| 043 | |an-cn--- |
| 086 | 1 |aH129-116/2024F-PDF |
| 245 | 00|aChaleur accablante et santé humaine : |binformation à l’intention des pharmaciens et des techniciens en pharmacie. |
| 264 | 1|a[Ottawa] : |bSanté Canada = Health Canada, |c[2024] |
| 264 | 4|c©2024 |
| 300 | |a1 ressource en ligne (2 pages non numérotées) : |billustrations en couleur |
| 336 | |atexte|btxt|2rdacontent/fre |
| 337 | |ainformatique|bc|2rdamedia/fre |
| 338 | |aressource en ligne|bcr|2rdacarrier/fre |
| 500 | |aPublié aussi en anglais sous le titre : Extreme heat and human health : information for pharmacists and pharmacist technicians. |
| 500 | |a« Pub. : 240471. » |
| 650 | 6|aÉpuisement par la chaleur|zCanada|xPrévention. |
| 650 | 6|aCoup de chaleur|zCanada|xPrévention. |
| 650 | 6|aChaleur|xEffets physiologiques|zCanada. |
| 710 | 1 |aCanada. |bSanté Canada, |eorganisme de publication. |
| 775 | 08|tExtreme heat and human health : |w(CaOODSP)9.941713 |
| 795 | |tChaleur accablante et santé humaine : |w(CaOODSP)9.899748 |
| 856 | 40|qPDF|s519 Ko|uhttps://publications.gc.ca/collections/collection_2025/sc-hc/H129-116-2024-fra.pdf |
| 856 | 4 |qHTML|ss.o.|uhttps://www.canada.ca/fr/sante-canada/services/publications/vie-saine/chaleur-accablante-sante-humaine-pharmaciens-techniciens.html |